000
00337nam a2200133Ia 4500
008
151001s9999||||xx |||||||||||||| ||und||
100
_a
य दि पेंढारकर
245
_a
भगवी गीता
250
_a
1
260
_b
नवभारत प्रकाशन
260
_c
1943
300
_a
36
365
_b
7
999
_c
950128
_d
950125